Políticas de salarios y equidad /

שמור ב:
מידע ביבליוגרפי
מחבר ראשי: García-Huidobro, Guillermo
פורמט: Texto
תגים: הוספת תג
אין תגיות, היה/י הראשונ/ה לתייג את הרשומה!

MARC

LEADER 00000 a a2200000 04500
001 45824
003
040
100 |a García-Huidobro, Guillermo  
245 |a Políticas de salarios y equidad /  |c Guillermo García-Huidobro  
773 |g páginas 3-30: gráficos, ilustraciones  
999 |c 27416  |d 27416